000 01267cam a22003737a 4500
001 000090185
003 CHAP
005 20220329142713.0
008 010926d2001 mx r 00110 spa d
010 _a86654
011 _a87626
020 _a9701032713
035 _a98170
040 _cCHAP
082 0 4 _a519.5
_bS6Y 2001
100 0 0 _aSpiegel, Murray R.
_9109217
245 1 0 _aEstadística /
_c/por Murray R. Spiegel y Larry J. Stephens.
250 _a3ed.
260 _aMéxico, D.F. :
_bMcGraw-Hill,
_c2001.
300 _a541 p. ; :
_bgráfs.
590 _aBATCH-UPD
_b10
_c20130110
_lUCH01
_h1826
590 _aBATCH-UPD
_b10
_c20130410
_lUCH01
_h1159
590 _aBATCH-UPD
_b10
_c20130914
_lUCH01
_h1325
590 _aCONVERSION
_b10
_c20130109
_lUCH01
_h1348
590 _aE11695DGD
_b10
_c20131016
_lUCH01
_h0839
650 1 4 _aEstadística.
_938241
700 0 0 _aStephens, Larry J.
_9109670
901 _aBK
905 _aAlejandra Carrasco M.
942 _cLIBRO
942 _n0
949 _a311 S6Y 2001
_bBC
_cLIBRO
_d33724000872107
_eLIBRO
_h103294
_i98170
_mSustituye a : Spiegel, Murrey R. / TeorŁa y problemas de estadŁstica / 519.5 S65Y c.3
_sb
949 _a311 S6Y 2001
_bBC
_cLIBRO
_d33724000910576
_eLIBRO
_fc.2
_gI. c/e
_h104039
_i98170
_si
_t$152.00
999 _c86654
_d86654